[Event "VI Torneo Primavera Vomero"]
[Site "Napoli ITA"]
[Date "2009.04.16"]
[Round "6"]
[White "Capozzoli, Silvio"]
[Black "Caccaviello, Vincenzo"]
[Result "0-1"]
[WhiteElo "1944"]
[BlackElo "1688"]
[PlyCount "98"]
[EventDate "2009.03.12"]

1. e4 d6 2. d4 g6 3. Nc3 Bg7 4. Bc4 Nf6 5. Nf3 c6 6. O-O b5 7. Bd3 O-O 8. Be3
Nbd7 9. Qd2 Ng4 10. Bg5 h6 11. Bh4 Ngf6 12. h3 b4 13. Ne2 a5 14. c4 c5 15. e5
dxe5 16. dxe5 Nh7 17. e6 fxe6 18. Nf4 Ne5 19. Nxe5 Bxe5 20. Nxg6 Bf6 21. Nxf8
Qxf8 22. Bxf6 exf6 23. f4 Bb7 24. Rfe1 Re8 25. Qc2 f5 26. Re3 Nf6 27. Rae1 Be4
28. Kh2 h5 29. Rg3+ Kh8 30. Rg5 Qd6 31. Rg6 Qxf4+ 32. g3 Qe5 33. Qd2 Ng8 34.
Qe2 Re7 35. Bxe4 fxe4 36. h4 Nf6 37. Rg5 Qc7 38. Rf1 Rf7 39. Kg2 Nh7 40. Rxh5
Rxf1 41. Qxf1 Qg7 42. Qe2 Qd4 43. Rh6 e5 44. b3 e3 45. Qf3 Kg7 46. Qc6 Qg4 47.
Re6 Qe2+ 48. Kh3 Qf1+ 49. Qg2 Qf5+ 0-1

[Event "VI Torneo Primavera Vomero"]
[Site "Napoli ITA"]
[Date "2009.04.16"]
[Round "6"]
[White "D'Orta, Antonio"]
[Black "Lombardi, Ottavio"]
[Result "1-0"]
[WhiteElo "1833"]
[BlackElo "1770"]
[PlyCount "67"]
[EventDate "2009.03.12"]

1. e4 e5 2. Nf3 Nc6 3. Bb5 a6 4. Ba4 Nf6 5. O-O Be7 6. Re1 b5 7. Bb3 O-O 8. c3
d6 9. h3 Nb8 10. a4 Bb7 11. d3 Nbd7 12. Na3 c6 13. Be3 Re8 14. Ng5 d5 15. exd5
Nxd5 16. Bxd5 Bxg5 17. Bxf7+ Kxf7 18. Qh5+ Kg8 19. Bxg5 Qc7 20. Re4 g6 21. Qh6
Nc5 22. Re3 Nxa4 23. Rae1 Re6 24. d4 Rae8 25. Bf4 Nxb2 26. Bxe5 Qd7 27. h4 R8e7
28. Rg3 Rxe5 29. Rxe5 Rxe5 30. dxe5 Qd1+ 31. Kh2 c5 32. e6 Qd6 33. h5 Qxe6 34.
hxg6 1-0

[Event "VI Torneo Primavera Vomero"]
[Site "Napoli ITA"]
[Date "2009.04.16"]
[Round "6"]
[White "De Fazio, Giovanni"]
[Black "La Gatta, Giovanni"]
[Result "0-1"]
[WhiteElo "1812"]
[BlackElo "2136"]
[PlyCount "74"]
[EventDate "2009.03.12"]

1. e4 c5 2. c3 d6 3. d4 Nf6 4. dxc5 Nc6 5. cxd6 Nxe4 6. Nf3 Nxd6 7. Be2 e5 8.
O-O Be7 9. Nbd2 O-O 10. Nb3 a5 11. Be3 a4 12. Nbd2 Nf5 13. Nc4 Nxe3 14. Nxe3 e4
15. Nd4 Nxd4 16. Qxd4 Qxd4 17. cxd4 Bf6 18. Rfd1 Rd8 19. Bc4 Ra5 20. Rab1 Bxd4
21. Rd2 Bf6 22. Rxd8+ Bxd8 23. Bd5 Be6 24. Bxe4 Rb5 25. b3 axb3 26. axb3 Bf6
27. Nc4 Rb4 28. Bd3 Kf8 29. Kf1 Bd8 30. Ke2 Bg5 31. Kd1 b5 32. Nd2 Rd4 33. Nf3
Rxd3+ 34. Ke2 Rd5 35. Ra1 Bf6 36. Ra8+ Rd8 37. Ra5 Bxb3 0-1

[Event "VI Torneo Primavera Vomero"]
[Site "Napoli ITA"]
[Date "2009.04.16"]
[Round "6"]
[White "De Rosa, Francesco"]
[Black "Donzella, Emanuele"]
[Result "1-0"]
[WhiteElo "1948"]
[BlackElo "1673"]
[PlyCount "79"]
[EventDate "2009.03.12"]

1. e4 e5 2. Nf3 Nf6 3. Nxe5 Qe7 4. d4 d6 5. Nf3 Qxe4+ 6. Be2 Qe7 7. O-O Qd8 8.
c4 Be7 9. d5 O-O 10. h3 Nbd7 11. Nc3 Re8 12. Qc2 Ne5 13. Nd4 c5 14. dxc6 bxc6
15. Bf4 Ng6 16. Bg3 Bb7 17. Rad1 Qb6 18. Nf5 d5 19. Nxe7+ Nxe7 20. Na4 Qa5 21.
b4 Qd8 22. Nc5 Bc8 23. Bd3 dxc4 24. Bxh7+ Nxh7 25. Rxd8 Rxd8 26. Qxc4 Bf5 27.
Re1 Ng6 28. Nb7 Be6 29. Qxc6 Rdc8 30. Qd6 Bxa2 31. Nc5 Nf6 32. f3 Bc4 33. h4
Rd8 34. Qc7 a6 35. Nd7 Bb5 36. Nxf6+ gxf6 37. h5 Rac8 38. Qb6 Nf8 39. Qxf6 Rd7
40. Be5 1-0

[Event "VI Torneo Primavera Vomero"]
[Site "Napoli ITA"]
[Date "2009.04.16"]
[Round "6"]
[White "Esposito, Rosario"]
[Black "Della Corte, Alessandro"]
[Result "0-1"]
[WhiteElo "1867"]
[BlackElo "2238"]
[PlyCount "66"]
[EventDate "2009.03.12"]

1. d4 d5 2. c4 c6 3. Nf3 Nf6 4. Nc3 a6 5. Bg5 Ne4 6. Nxe4 dxe4 7. Nd2 Qxd4 8.
Qc2 Bf5 9. e3 Qc5 10. Be2 Nd7 11. O-O h6 12. Bh4 g5 13. Bg3 Nf6 14. Nb3 Qa7 15.
Rad1 Bg7 16. Be5 O-O 17. Nd4 Bg6 18. c5 Nd5 19. Bxg7 Kxg7 20. a3 Rad8 21. b4
Qb8 22. Bxa6 e5 23. Nxc6 bxc6 24. Bc4 Ne7 25. Rb1 f5 26. a4 f4 27. b5 f3 28. g3
Qc8 29. Rfc1 Rd3 30. Bxd3 exd3 31. Qd1 d2 32. Rc4 Bxb1 33. Qxb1 Qh3 0-1

[Event "VI Torneo Primavera Vomero"]
[Site "Napoli ITA"]
[Date "2009.04.16"]
[Round "6"]
[White "Ficco, Corrado"]
[Black "Pinto, Gaetano"]
[Result "1/2-1/2"]
[WhiteElo "2154"]
[BlackElo "2044"]
[PlyCount "117"]
[EventDate "2009.03.12"]

1. e4 e5 2. Nf3 Nc6 3. Bb5 Nf6 4. Qe2 Bc5 5. O-O O-O 6. c3 Qe7 7. d3 d6 8. Be3
Bb6 9. Nbd2 a6 10. Ba4 Ba7 11. Bxc6 bxc6 12. Bxa7 Rxa7 13. Rfe1 Re8 14. d4 Nd7
15. Nc4 exd4 16. Nxd4 Nb8 17. Qd2 f6 18. Re3 Qf7 19. Na5 c5 20. Nf5 Kh8 21.
Rae1 Bd7 22. b4 cxb4 23. cxb4 Nc6 24. Nxc6 Bxc6 25. Rg3 Rg8 26. Ree3 Bd7 27.
Nh4 Re8 28. f4 Raa8 29. f5 Bc6 30. Qd3 d5 31. exd5 Qxd5 32. Qxd5 Bxd5 33. a3
Kg8 34. Kf2 Kf7 35. Rc3 c6 36. Nf3 a5 37. bxa5 Rxa5 38. Nd4 c5 39. Nc2 Be4 40.
Ne3 Rd8 41. Ke2 Rb8 42. Nc4 Ra6 43. Rb3 Rxb3 44. Rxb3 Bd5 45. Rc3 Bxg2 46. Ne3
Be4 47. Rxc5 Rxa3 48. Rc7+ Kf8 49. Rc8+ Ke7 50. Rc7+ Kd6 51. Rxg7 Ra2+ 52. Ke1
Rxh2 53. Rf7 Rh1+ 54. Kf2 Ke5 55. Ng4+ Kxf5 56. Nxf6 Ke6 57. Rf8 Ke7 58. Re8+
Kxf6 59. Rxe4 1/2-1/2

[Event "VI Torneo Primavera Vomero"]
[Site "Napoli ITA"]
[Date "2009.04.16"]
[Round "6"]
[White "Franco, Vincenzo"]
[Black "Supino, Domenico"]
[Result "0-1"]
[WhiteElo "1790"]
[BlackElo "2080"]
[PlyCount "74"]
[EventDate "2009.03.12"]

1. e4 c5 2. c3 d5 3. exd5 Qxd5 4. d4 Nc6 5. Nf3 Bg4 6. Be2 e6 7. Be3 cxd4 8.
cxd4 Nf6 9. Nc3 Qd6 10. O-O Be7 11. Qb3 O-O 12. a3 a6 13. Rfd1 Rfd8 14. h3 Bh5
15. Rac1 Rd7 16. g4 Bg6 17. Ne5 Nxe5 18. dxe5 Qxe5 19. Rxd7 Nxd7 20. Qxb7 Rd8
21. Bxa6 Bd6 22. Qg2 Nf6 23. Be2 Rb8 24. b4 Rc8 25. Na2 Rxc1+ 26. Nxc1 Nd5 27.
Bc5 Bxc5 28. bxc5 Qc3 29. Qf1 Qxc5 30. a4 h6 31. Nd3 Qa3 32. Qc1 Qxa4 33. Qc8+
Kh7 34. Nc5 Qa1+ 35. Kg2 Nf4+ 36. Kf3 Qc3+ 37. Kxf4 e5# 0-1

[Event "VI Torneo Primavera Vomero"]
[Site "Napoli ITA"]
[Date "2009.04.16"]
[Round "6"]
[White "Gallo, Thomas Renato"]
[Black "Caiazzo, Diego"]
[Result "1-0"]
[WhiteElo "1888"]
[BlackElo "1892"]
[PlyCount "53"]
[EventDate "2009.03.12"]

1. d4 d5 2. c4 e6 3. Nf3 Nf6 4. Nc3 Be7 5. g3 c6 6. Bg2 O-O 7. O-O Nbd7 8. b3
b6 9. Re1 Bb7 10. Qc2 Rc8 11. e4 Nxe4 12. Nxe4 dxe4 13. Rxe4 c5 14. Re2 Bf6 15.
Bb2 Qc7 16. Rd1 Rfd8 17. d5 exd5 18. cxd5 Qd6 19. Bc1 Re8 20. Bh3 Rcd8 21. Ng5
g6 22. Ne4 Rxe4 23. Qxe4 Qf8 24. Bf4 Bd4 25. Qe7 Qxe7 26. Rxe7 Bc8 27. Bc7 1-0

[Event "VI Torneo Primavera Vomero"]
[Site "Napoli ITA"]
[Date "2009.04.16"]
[Round "6"]
[White "Lombardo, Claudio"]
[Black "Angelotti, Mario"]
[Result "1-0"]
[WhiteElo "1736"]
[BlackElo "1398"]
[PlyCount "121"]
[EventDate "2009.03.12"]

1. d4 Nf6 2. c4 c5 3. dxc5 Nc6 4. Nc3 e6 5. Nf3 Bxc5 6. e3 O-O 7. a3 a5 8. Be2
Ne7 9. O-O d5 10. Qc2 Bd7 11. cxd5 Rc8 12. dxe6 Bxe6 13. Rd1 Qb6 14. Nd4 Bxd4
15. Rxd4 Ned5 16. Bd3 Nxc3 17. bxc3 Qb3 18. Bd2 Qxc2 19. Bxc2 Nd5 20. c4 Nb6
21. Bd3 Nxc4 22. Bxc4 Bxc4 23. Bxa5 b5 24. Bb4 Rfe8 25. h3 h6 26. Rad1 Kh7 27.
Rd7 Rb8 28. Ra7 Re5 29. Rdd7 Rg5 30. e4 Be6 31. Re7 Bxh3 32. g3 Be6 33. Kg2 h5
34. f4 Rg4 35. f5 Bc4 36. Kf3 Rd8 37. Rad7 Rxd7 38. Rxd7 Kh6 39. Bd2+ Kh7 40.
Rc7 Bd3 41. Bf4 f6 42. Rc3 Bc4 43. a4 g6 44. a5 gxf5 45. exf5 Rg8 46. Ra3 Rd8
47. a6 Bd5+ 48. Ke3 b4 49. Ra4 b3 50. Rb4 Ra8 51. Kd4 Bg2 52. Rb6 Bf1 53. Rb7+
Kg8 54. a7 b2 55. Bb8 Bh3 56. Rxb2 Bxf5 57. Rf2 Bg4 58. Rxf6 Kg7 59. Rf4 Kg6
60. Rxg4+ hxg4 61. Kd5 1-0

[Event "VI Torneo Primavera Vomero"]
[Site "Napoli ITA"]
[Date "2009.04.16"]
[Round "6"]
[White "Rosato, Luciano"]
[Black "Messina, Enrico"]
[Result "1-0"]
[WhiteElo "2267"]
[BlackElo "2147"]
[PlyCount "51"]
[EventDate "2009.03.12"]

1. d4 Nf6 2. c4 c5 3. d5 e5 4. Nc3 d6 5. e4 Be7 6. Be2 Nbd7 7. Be3 Nf8 8. Qd2
a6 9. g3 h5 10. h3 Ng6 11. f4 exf4 12. gxf4 O-O 13. Nf3 Qa5 14. f5 Ne5 15. Nxe5
dxe5 16. Rg1 Kh7 17. Bf3 Qb4 18. Qe2 g6 19. fxg6+ fxg6 20. Qg2 Rg8 21. Qg5 Rg7
22. Qh6+ Kg8 23. Rxg6 Ne8 24. O-O-O Qxc4 25. Be2 Qb4 26. d6 1-0

[Event "VI Torneo Primavera Vomero"]
[Site "Napoli ITA"]
[Date "2009.04.23"]
[Round "7"]
[White "Angelotti, Mario"]
[Black "Iannotta, Francesco"]
[Result "1-0"]
[WhiteElo "1398"]
[BlackElo "1566"]
[PlyCount "47"]
[EventDate "2009.03.12"]

1. e4 e5 2. Nf3 Nc6 3. d4 exd4 4. Nxd4 Nf6 5. Nxc6 bxc6 6. Bd3 Bc5 7. Bg5 Qe7
8. O-O h6 9. Bh4 d6 10. Nd2 g5 11. Bg3 Bg4 12. Nf3 O-O-O 13. h3 Be6 14. Ba6+
Kb8 15. b4 Nxe4 16. bxc5 Nxc5 17. Rb1+ Ka8 18. Qe2 Rb8 19. Nd4 Qd7 20. Bc4 Bd5
21. Nb3 Rhe8 22. Nxc5 Qf5 23. Rxb8+ Rxb8 24. Na6 1-0

[Event "VI Torneo Primavera Vomero"]
[Site "Napoli ITA"]
[Date "2009.04.23"]
[Round "7"]
[White "Borrelli, Salvatore"]
[Black "Cante, Guido"]
[Result "1/2-1/2"]
[WhiteElo "1746"]
[BlackElo "1781"]
[PlyCount "82"]
[EventDate "2009.03.12"]

1. f4 Nf6 2. Nf3 d5 3. e3 Bg4 4. Be2 Nc6 5. d4 Bxf3 6. Bxf3 e6 7. O-O h6 8. c4
Qd7 9. Nc3 O-O-O 10. cxd5 exd5 11. a3 g5 12. fxg5 hxg5 13. Nxd5 Qd6 14. Nxf6
Qxh2+ 15. Kf2 Bd6 16. Ne4 f5 17. Nxd6+ Rxd6 18. Bxc6 Rxc6 19. Bd2 Rh3 20. Rh1
Qg3+ 21. Kg1 Rxh1+ 22. Kxh1 Qf2 23. Qh5 b6 24. Bc3 g4 25. e4 Kb7 26. d5 Rc4 27.
Qxf5 Qh4+ 28. Kg1 g3 29. Qh3 Qf4 30. Be1 Rc2 31. Qxg3 Qxe4 32. Qf3 Qd4+ 33. Bf2
Qxb2 34. d6+ Ka6 35. Rd1 cxd6 36. Bg3 Rc3 37. Qf1+ Kb7 38. Bxd6 Rc2 39. Bb4 Re2
40. Rd7+ Ka6 41. Re7 Qd4+ 1/2-1/2

[Event "VI Torneo Primavera Vomero"]
[Site "Napoli ITA"]
[Date "2009.04.23"]
[Round "7"]
[White "De Rosa, Francesco"]
[Black "Gallo, Thomas Renato"]
[Result "1-0"]
[WhiteElo "1948"]
[BlackElo "1888"]
[PlyCount "101"]
[EventDate "2009.03.12"]

1. e4 d6 2. d4 Nf6 3. Nc3 g6 4. Nf3 Bg7 5. Bc4 O-O 6. h3 Nbd7 7. O-O e5 8. dxe5
Nxe5 9. Nxe5 dxe5 10. Qf3 c6 11. Bg5 Qe7 12. Rfd1 Be6 13. Bb3 Rfd8 14. Qe3 Bxb3
15. Rxd8+ Rxd8 16. axb3 b6 17. Ra4 Rd6 18. b4 Rd4 19. Qe2 Rxb4 20. Rxb4 Qxb4
21. Qa6 Qe7 22. Bxf6 Bxf6 23. Qc8+ Kg7 24. Qxc6 Qc5 25. Qxc5 bxc5 26. Kf1 Bd8
27. Ke2 Kf6 28. Kd3 Ke6 29. Kc4 h5 30. Na4 Kd6 31. Nxc5 Bb6 32. Nd3 f6 33. Kb5
f5 34. f3 fxe4 35. fxe4 Be3 36. c4 Bd4 37. c5+ Kc7 38. b3 h4 39. Nb4 Kb7 40.
c6+ Kc8 41. Nd5 g5 42. Kc4 a6 43. Kb4 Kb8 44. Ka5 Ka7 45. Kb4 Kb8 46. Kc4 Ka7
47. Ne7 Kb6 48. Kd5 a5 49. Kd6 Bc5+ 50. Kd7 Bxe7 51. c7 1-0

[Event "VI Torneo Primavera Vomero"]
[Site "Napoli ITA"]
[Date "2009.04.23"]
[Round "7"]
[White "Della Corte, Alessandro"]
[Black "Rosato, Luciano"]
[Result "1-0"]
[WhiteElo "2238"]
[BlackElo "2267"]
[PlyCount "81"]
[EventDate "2009.03.12"]

1. e4 g6 2. d4 Bg7 3. Nc3 c6 4. Nf3 d6 5. Be3 b5 6. Bd3 Bb7 7. Qd2 Nd7 8. a4 a6
9. O-O Qc7 10. axb5 cxb5 11. Nd5 Bxd5 12. exd5 Nb6 13. Rxa6 Rxa6 14. Bxb5+ Nd7
15. Bxa6 Ngf6 16. c4 O-O 17. Re1 Ra8 18. Bb5 Nb6 19. Bg5 Ra2 20. h3 Kf8 21. Bh6
Nc8 22. Bxg7+ Kxg7 23. Re3 Na7 24. Qb4 Ra1+ 25. Kh2 Rf1 26. Ba4 Nh5 27. b3 Nc8
28. Qd2 Nf6 29. Qe2 Ra1 30. g3 Qa7 31. Kg2 Kf8 32. Qb2 Rd1 33. Qc2 Ra1 34. Qc3
Ra2 35. Qb4 Nb6 36. Bc6 Rb2 37. Qe1 h6 38. Nh2 Qa2 39. Rxe7 Qxb3 40. Rb7 Ng8
41. Qe8+ 1-0

[Event "VI Torneo Primavera Vomero"]
[Site "Napoli ITA"]
[Date "2009.04.23"]
[Round "7"]
[White "Esposito, Rosario"]
[Black "De Fazio, Giovanni"]
[Result "1/2-1/2"]
[WhiteElo "1867"]
[BlackElo "1812"]
[PlyCount "81"]
[EventDate "2009.03.12"]

1. d4 d5 2. c4 dxc4 3. e4 Nc6 4. Nf3 Bg4 5. Bxc4 e6 6. d5 Na5 7. Qa4+ c6 8.
dxe6 fxe6 9. Be2 Bxf3 10. Bxf3 b5 11. Qc2 Bb4+ 12. Bd2 Bxd2+ 13. Nxd2 Qd4 14.
O-O Ne7 15. Nb3 Qb6 16. Qc3 Nxb3 17. Qxb3 c5 18. Rfd1 c4 19. Qb4 a5 20. Qd6
Qxd6 21. Rxd6 Kf7 22. Rad1 e5 23. Bg4 Rhb8 24. Be6+ Kf8 25. Rd7 g6 26. f3 Ra6
27. Bh3 b4 28. Rc7 Rc6 29. Rxc6 Nxc6 30. Be6 c3 31. bxc3 bxc3 32. Rc1 c2 33.
Bb3 Nd4 34. Kf2 Nxb3 35. axb3 Rxb3 36. Rxc2 Kf7 37. Ra2 Rb5 38. Ke3 Kf6 39. Kd3
Kg5 40. Kc4 Rb4+ 41. Kc5 1/2-1/2

[Event "VI Torneo Primavera Vomero"]
[Site "Napoli ITA"]
[Date "2009.04.23"]
[Round "7"]
[White "La Gatta, Giovanni"]
[Black "Accardo, Francesco"]
[Result "1-0"]
[WhiteElo "2136"]
[BlackElo "1861"]
[PlyCount "67"]
[EventDate "2009.03.12"]

1. d4 b5 2. e4 Bb7 3. Bd3 e6 4. Nf3 c5 5. dxc5 Bxc5 6. Nbd2 a6 7. Qe2 Nc6 8.
Nb3 Be7 9. c3 Nf6 10. O-O h6 11. a4 b4 12. e5 Nh7 13. Rd1 Qc7 14. Bf4 Ng5 15.
Nxg5 hxg5 16. Bg3 d6 17. exd6 Bxd6 18. Nc5 Bxg3 19. hxg3 Bc8 20. cxb4 Nxb4 21.
Be4 Rb8 22. Rac1 Qe7 23. Nd3 O-O 24. Ne5 Qf6 25. Rc7 Nd5 26. Bxd5 exd5 27. Nc6
Be6 28. Nxb8 Rxb8 29. Rc2 Bf5 30. Rcd2 g4 31. Rxd5 Be6 32. R5d2 g6 33. Qxa6 Kg7
34. Qd6 1-0

[Event "VI Torneo Primavera Vomero"]
[Site "Napoli ITA"]
[Date "2009.04.23"]
[Round "7"]
[White "Supino, Domenico"]
[Black "Pinto, Gaetano"]
[Result "1-0"]
[WhiteElo "2080"]
[BlackElo "2044"]
[PlyCount "103"]
[EventDate "2009.03.12"]

1. Nf3 Nf6 2. g3 b6 3. Bg2 Bb7 4. O-O c5 5. c4 e6 6. Nc3 Be7 7. d3 O-O 8. e4 d6
9. Ne1 a6 10. e5 Bxg2 11. exf6 Bxf1 12. fxe7 Qxe7 13. Kxf1 Nc6 14. Nf3 Qb7 15.
Kg1 b5 16. Ne4 Rfd8 17. b3 e5 18. Nc3 Ne7 19. Qe2 b4 20. Ne4 Qd7 21. Bg5 Re8
22. Bxe7 Rxe7 23. Neg5 Qc6 24. Nh4 g6 25. Ne4 Kg7 26. Qe3 f6 27. Rf1 Rf8 28. f4
f5 29. Nd2 Rfe8 30. fxe5 dxe5 31. Qg5 Kh8 32. Ng2 Rd7 33. Qe3 Qd6 34. Nf4 Qd4
35. Qxd4 Rxd4 36. Re1 Kg7 37. Nf3 exf4 38. Rxe8 Rxd3 39. Kf2 fxg3+ 40. hxg3 Rc3
41. Re2 Kf6 42. Ne5 Kg5 43. Nd7 Kg4 44. Nxc5 Rf3+ 45. Ke1 a5 46. Nd7 Kxg3 47.
c5 Rc3 48. Kd2 Kf3 49. c6 Kf4 50. Ne5 a4 51. Nc4 axb3 52. axb3 1-0

[Event "C.to Provinciale IM"]
[Site "Imperia ITA"]
[Date "2009.03.15"]
[Round "5"]
[White "Restifo, Katiuscia"]
[Black "Volpara, Riccardo"]
[Result "1-0"]
[WhiteElo "1774"]
[BlackElo "1547"]
[PlyCount "43"]
[EventDate "2009.03.13"]

1. d4 Nf6 2. c4 d6 3. Nc3 g6 4. e4 Bg7 5. Nf3 O-O 6. Bd3 Bg4 7. h3 Bxf3 8. Qxf3
Nc6 9. Be3 Nd7 10. d5 Nd4 11. Qd1 c5 12. dxc6 bxc6 13. O-O c5 14. Rc1 Rb8 15.
b3 Qa5 16. Qd2 Rfe8 17. Bh6 Bh8 18. f4 Nxb3 19. axb3 Rxb3 20. e5 dxe5 21. Bb1
Rd8 22. Nd5 1-0

[Event "I Torneo Internazionale A"]
[Site "Bergamo ITA"]
[Date "2009.03.13"]
[Round "1"]
[White "Andres Gonzalez, Alberto"]
[Black "Korneev, Oleg"]
[Result "0-1"]
[WhiteElo "2476"]
[BlackElo "2613"]
[PlyCount "86"]
[EventDate "2009.03.13"]

1. Nf3 d5 2. c4 d4 3. g3 g6 4. Bg2 Bg7 5. O-O e5 6. d3 Ne7 7. e3 dxe3 8. fxe3
e4 9. dxe4 Qxd1 10. Rxd1 Be6 11. Na3 a6 12. Rb1 Nd7 13. b3 Bg4 14. Nc2 O-O-O
15. Ba3 Nc6 16. h3 Bxf3 17. Bxf3 h5 18. Kf2 Nce5 19. Bg2 Nf6 20. Rxd8+ Rxd8 21.
Ke2 Re8 22. Rf1 Nfd7 23. Ne1 Bf8 24. Bb2 Bd6 25. Bc3 Re7 26. Nc2 c5 27. Rd1 Kc7
28. Ne1 Re8 29. Nc2 Nc6 30. Rf1 Be5 31. Be1 f6 32. a4 b6 33. Kf3 Rb8 34. h4 b5
35. axb5 axb5 36. Bh3 b4 37. Bf2 Ra8 38. Rd1 Nb6 39. Ne1 Ra3 40. Rb1 Na5 41.
Be6 Nxb3 42. Kg2 Nd2 43. Rc1 Nxe4 0-1

[Event "I Torneo Internazionale A"]
[Site "Bergamo ITA"]
[Date "2009.03.13"]
[Round "1"]
[White "Bemporad, Filippo"]
[Black "Salmoiraghi, Angelo"]
[Result "1/2-1/2"]
[WhiteElo "2061"]
[BlackElo "2133"]
[PlyCount "128"]
[EventDate "2009.03.13"]

1. d4 Nf6 2. Nf3 e6 3. g3 b5 4. Bg2 Bb7 5. O-O c5 6. c3 d5 7. Nbd2 Nbd7 8. Ne5
Qb6 9. Nxd7 Nxd7 10. e4 dxe4 11. Nxe4 Be7 12. Be3 O-O-O 13. Qe2 Qc6 14. Bf4 Qb6
15. a4 a6 16. Rfd1 h6 17. a5 Qa7 18. dxc5 Nxc5 19. Be3 Qa8 20. Bxc5 Bxc5 21. b4
Be7 22. c4 f5 23. Nc5 Bxc5 24. Qxe6+ Kc7 25. Bxb7 Bxf2+ 26. Kxf2 Qxb7 27. cxb5
Rxd1 28. b6+ Kb8 29. Rxd1 Rc8 30. Rd2 Qh1 31. Qd6+ Ka8 32. Qd5+ Qxd5 33. Rxd5
Rc2+ 34. Kf3 Rxh2 35. Rxf5 g5 36. Re5 Rb2 37. Re4 h5 38. Re5 Rb3+ 39. Kf2 Rb2+
40. Ke1 h4 41. Rxg5 h3 42. Rh5 Rb1+ 43. Kf2 Rb2+ 44. Kf3 h2 45. Rh8+ Kb7 46. g4
Rb3+ 47. Kf2 Rxb4 48. Kg3 Rb5 49. Rh7+ Kb8 50. Rxh2 Rxa5 51. Rb2 Kb7 52. Kf4
Rc5 53. g5 a5 54. g6 a4 55. Rg2 Rc8 56. Kf5 Kxb6 57. g7 Ka5 58. g8=Q Rxg8 59.
Rxg8 Kb4 60. Ke4 Kc3 61. Rc8+ Kb2 62. Kd3 a3 63. Rb8+ Kc1 64. Rc8+ Kb1 1/2-1/2

[Event "I Torneo Internazionale A"]
[Site "Bergamo ITA"]
[Date "2009.03.13"]
[Round "1"]
[White "Bertani, Gianfranco"]
[Black "Panella, Fiammetta"]
[Result "0-1"]
[WhiteElo "2100"]
[BlackElo "2016"]
[PlyCount "102"]
[EventDate "2009.03.13"]

1. Nf3 Nf6 2. b3 d5 3. Bb2 c5 4. e3 a6 5. Ne5 Nbd7 6. f4 e6 7. d3 Be7 8. Nd2
O-O 9. Ndf3 Qa5+ 10. c3 Nxe5 11. Nxe5 d4 12. Nc4 Qc7 13. cxd4 b5 14. Ne5 cxd4
15. Bxd4 Qa5+ 16. Kf2 Bb7 17. Be2 Nd5 18. Rf1 f6 19. Nd7 e5 20. Bc5 Bxc5 21.
Nxc5 exf4 22. Nxb7 Qb6 23. d4 Nxe3 24. Qd3 Nxf1 25. Rxf1 Qxb7 26. Bf3 Qc7 27.
Bxa8 Rxa8 28. Qe4 Rd8 29. Rd1 g5 30. d5 Qc5+ 31. Kf3 Qd6 32. b4 Rd7 33. Rd4 Re7
34. Qf5 Kg7 35. Re4 Rxe4 36. Qxe4 h5 37. h3 Kf8 38. a3 Qe7 39. Qd3 Qd6 40. Qd4
Kf7 41. Qe4 Kf8 42. Qf5 Qb6 43. Qc8+ Kg7 44. Qd7+ Kf8 45. Qc8+ Kf7 46. Qd7+ Kf8
47. Ke4 Qe3+ 48. Kf5 Qe7 49. Qxe7+ Kxe7 50. h4 f3 51. gxf3 gxh4 0-1

[Event "I Torneo Internazionale A"]
[Site "Bergamo ITA"]
[Date "2009.03.13"]
[Round "1"]
[White "Brunello, Sabino"]
[Black "Solodovnichenko, Yuri"]
[Result "1/2-1/2"]
[WhiteElo "2460"]
[BlackElo "2571"]
[PlyCount "109"]
[EventDate "2009.03.13"]

1. d4 d5 2. c4 c6 3. Nc3 Nf6 4. Nf3 e6 5. e3 Nbd7 6. Qc2 Bd6 7. Bd3 dxc4 8.
Bxc4 O-O 9. O-O b5 10. Bd3 Bb7 11. Ng5 h6 12. Nge4 Be7 13. Nxf6+ Nxf6 14. Rd1
Rc8 15. Ne4 Nxe4 16. Bxe4 Qb6 17. a4 c5 18. Bxb7 Qxb7 19. axb5 cxd4 20. Qa4
dxe3 21. Bxe3 Bc5 22. Bxc5 Rxc5 23. Qxa7 Qxa7 24. Rxa7 Rxb5 25. Rd2 Rfb8 26.
Ra2 g5 27. h4 gxh4 28. Kh2 Rb4 29. Kh3 Kg7 30. Rc2 R8b7 31. Rd2 Kg6 32. Rc2
R7b6 33. Re2 f6 34. f3 e5 35. Ra8 Rxb2 36. Rg8+ Kh7 37. Rxb2 Rxb2 38. Rg4 f5
39. Rxh4 Kg7 40. Ra4 Rb6 41. Kg3 Kg6 42. Ra5 Re6 43. Ra8 Kh5 44. Rf8 Rg6+ 45.
Kf2 Kg5 46. Rb8 Kf4 47. Rb4+ e4 48. fxe4 fxe4 49. g3+ Kf5 50. Rb5+ Kf6 51. Ke3
Rg4 52. Ra5 Kg6 53. Re5 Rxg3+ 54. Kxe4 Ra3 55. Kf4 1/2-1/2

[Event "I Torneo Internazionale A"]
[Site "Bergamo ITA"]
[Date "2009.03.13"]
[Round "1"]
[White "Cabrera Pino, Alexis"]
[Black "Rombaldoni, Denis"]
[Result "1-0"]
[WhiteElo "2507"]
[BlackElo "2418"]
[PlyCount "87"]
[EventDate "2009.03.13"]

1. e4 c6 2. d4 d5 3. e5 Bf5 4. Nf3 e6 5. Be2 Bb4+ 6. c3 Ba5 7. Nbd2 Nd7 8. O-O
h6 9. b4 Bc7 10. c4 dxc4 11. Nxc4 Ne7 12. a4 a6 13. Bd2 O-O 14. Qb3 Be4 15. b5
Nf5 16. Bc3 axb5 17. axb5 cxb5 18. Rxa8 Qxa8 19. Qxb5 Qd8 20. Ne3 Nxe3 21. fxe3
Nb6 22. Bb4 Re8 23. Nd2 Bc6 24. Qd3 Nd5 25. Ba3 Bb6 26. Bh5 Nxe3 27. Bxf7+ Kh8
28. Rf4 Qg5 29. g3 Nd5 30. Rf2 Rd8 31. Ne4 Qe3 32. Qxe3 Nxe3 33. Bc5 Bxc5 34.
Nxc5 Rxd4 35. Bh5 Rc4 36. Rf8+ Kh7 37. Nxe6 Rc2 38. Nf4 Be4 39. e6 Rc1+ 40. Kf2
Nd5 41. Nxd5 Bxd5 42. e7 Rc2+ 43. Be2 Bc6 44. Rc8 1-0

[Event "I Torneo Internazionale A"]
[Site "Bergamo ITA"]
[Date "2009.03.13"]
[Round "1"]
[White "Cappai, Davide"]
[Black "Rumiantseva, Maria"]
[Result "1-0"]
[WhiteElo "2120"]
[BlackElo "2034"]
[PlyCount "65"]
[EventDate "2009.03.13"]

1. b3 d5 2. Bb2 e6 3. f4 Nf6 4. Nf3 c5 5. e3 Nc6 6. Bd3 Bd6 7. O-O O-O 8. a3 d4
9. b4 cxb4 10. Nxd4 Nxd4 11. Bxd4 bxa3 12. Nxa3 Qe7 13. Nc4 Bc7 14. Bxa7 b5 15.
Nb6 Bxb6 16. Bxb6 Rxa1 17. Qxa1 Bd7 18. Bd4 Bc6 19. Qa7 Qxa7 20. Bxa7 Ra8 21.
Bd4 Ne4 22. Rd1 Ra2 23. Kf1 b4 24. Ke2 Bd5 25. g3 f5 26. Ra1 b3 27. Rxa2 bxa2
28. c4 Bc6 29. Bc2 Nc5 30. Kd1 Bb7 31. Kc1 Ba6 32. d3 Kf7 33. Kb2 1-0

[Event "I Torneo Internazionale A"]
[Site "Bergamo ITA"]
[Date "2009.03.13"]
[Round "1"]
[White "Cazzaniga, Walter"]
[Black "Calavalle, Giulio"]
[Result "0-1"]
[WhiteElo "2192"]
[BlackElo "2267"]
[PlyCount "64"]
[EventDate "2009.03.13"]

1. d4 c5 2. d5 f5 3. g3 g6 4. Bg2 Nf6 5. Nh3 Bg7 6. Nc3 d6 7. O-O Na6 8. Re1
O-O 9. a4 Nc7 10. Nf4 Rb8 11. e4 fxe4 12. Nxe4 Nxe4 13. Bxe4 a6 14. a5 Bf5 15.
Ra4 Bd7 16. Ra2 Ne8 17. Bg2 Be5 18. c3 Ng7 19. Nd3 Bf6 20. Nf4 Kh8 21. Be4 Kg8
22. Bg2 Kh8 23. Be4 Qe8 24. Qc2 g5 25. Ne6 Nxe6 26. dxe6 Bxe6 27. c4 Qf7 28. b3
Bd7 29. Bd2 Qg7 30. Qd3 Be5 31. b4 Bd4 32. Re2 Bg4 0-1

[Event "I Torneo Internazionale A"]
[Site "Bergamo ITA"]
[Date "2009.03.13"]
[Round "1"]
[White "Corrales Jimenez, Fidel"]
[Black "Djuric, Stefan"]
[Result "1-0"]
[WhiteElo "2586"]
[BlackElo "2461"]
[PlyCount "65"]
[EventDate "2009.03.13"]

1. e4 e5 2. Nf3 Nc6 3. Bb5 Nf6 4. d4 Nxe4 5. d5 Nd6 6. Nc3 a6 7. Bd3 Nb4 8. Be2
a5 9. Nxe5 Be7 10. O-O O-O 11. b3 Bf6 12. f4 b6 13. Bb2 Re8 14. Ng4 Bb7 15.
Nxf6+ Qxf6 16. a3 Na6 17. Bd3 Nc5 18. Na4 Qh4 19. Nxc5 bxc5 20. Rf3 Ne4 21. c4
f5 22. Qc2 Ra6 23. Be5 d6 24. Bb2 Raa8 25. Raf1 c6 26. Bxe4 fxe4 27. Rh3 Qd8
28. Bxg7 cxd5 29. cxd5 Bxd5 30. Ba1 Ra7 31. Qc3 Qb6 32. Qh8+ Kf7 33. Rxh7+ 1-0